000 00965nam a22002297a 4500
999 _c13440
_d13440
008 190318b ||||| |||| 00| 0 eng d
020 _a9781783508365
082 _22014
_aAV-Eb 371.94
_bL262
100 _aLandrum, Timothy J.
_937614
245 _aSpecial education past, present, and future :
_bperspectives from the field /
_cedited by Timothy J. Landrum, Bryan G. Cook, and Melody Tankersley
260 _bEmerald Publishing Limited,
_c©2014.
300 _a247 pages;
440 _aAdvances in Learning and Behavioral Disabilities Ser.
_937376
500 _aIncludes index.
650 _aProblem children -- Education -- History.
_937377
650 _aProblem children -- Education.
_937378
700 _aLandrum, Timothy J.editor.
_937379
700 _aCook, Bryan G.editor.
_937380
700 _aTankersley, Melody editor.
_937381
856 _yhttps://ebookcentral.proquest.com/lib/uniofmindanao-ebooks/detail.action?docID=1780812
942 _2ddc
_cEB